000 00704nam a2200181Ia 4500
008 100122s9999 xx 000 0 und d
082 _b33984
_a320.55
100 _aसावरकर विनायक दामोदर
245 _aगांधी गोंधळ ( क.क्र.26/4 )
250 _a0
260 _bसावरकर प्रकाशन
_c1982
300 _a127
520 _aस्वातंत्र्यवीर सावरकर
620 _aस्वातंत्र्यवीर सावरकर
630 _aगांधी गोंधळ ( क.क्र.26/4 )
730 _aगांधी गोंधळ ( क.क्र.26/4 )
942 _cBOOK
999 _c417890
_d417887